Countries by Fertility Rate - Click Quiz - Statistics

General Stats
  • This quiz has been taken 45 times
  • The average score is 16 of 30
Answer Stats
Hint Answer % Correct
United Kingdom 1-2
81%
Australia 1-2
81%
South Korea 0-1
77%
United States 1-2
77%
Germany 1-2
77%
France 1-2
77%
Italy 1-2
74%
Niger 5+
71%
Israel 2-3
68%
Spain 1-2
65%
Taiwan 0-1
55%
Colombia 1-2
55%
Thailand 1-2
55%
Guatemala 2-3
55%
Saudi Arabia 2-3
55%
Mexico 1-2
52%
Iran 1-2
52%
Brazil 1-2
48%
China 1-2
48%
Egypt 2-3
48%
Syria 2-3
48%
Somalia 5+
45%
Ghana 3-4
39%
Bangladesh 2-3
35%
Kenya 3-4
35%
India 1-2
32%
Yemen 4-5
32%
D.R. Congo 5+
32%
Uzbekistan 3-4
29%
Afghanistan 4-5
19%
No matching quizzes found
Score Distribution
Percent of People with Each Score
Percentile by Number Answered
Your Score History
You have not taken this quiz